000 00404nam a2200145Ia 4500
008 151015s9999 xx 000 0 und d
050 _aRS 164. k63 1976
245 _aKokwaro J. O.
250 _a_Medical plants of east africa
260 _a2nd ed.
300 _aNairobi Kenya literature bureau 1976
500 _aincludes index
650 _a_Medical plants
700 _a^d20110107 12:18:26^okoech
999 _c612
_d612